Asentamientos espontáneos: aquí estoy y aquí me quedo /
Uloženo v:
| Hlavní autor: | |
|---|---|
| Médium: | Text |
| Tagy: |
Přidat tag
Žádné tagy, Buďte první, kdo vytvoří štítek k tomuto záznamu!
|
MARC
| LEADER | 00000 a a2200000 04500 | ||
|---|---|---|---|
| 001 | 45994 | ||
| 003 | |||
| 040 | |||
| 100 | |a Baldwin, Anne | ||
| 245 | |a Asentamientos espontáneos: |b aquí estoy y aquí me quedo / |c Anne Baldwin | ||
| 773 | |g volumen10, número328 ( , 1990), páginas 10-11 | ||
| 999 | |c 38066 |d 38066 | ||
